000 00223nam a22001097a 4500
082 _a808.2 FOW'M
100 _aFOWLES, JOHN
_979192
245 _aTHE MAGUS
260 _aNEWYORK
_bDELL
_c1965
300 _a605P
942 _cBK
999 _c584251
_d584251